| 000 | 01282cam a2200349 a 4500 | ||
|---|---|---|---|
| 001 | 4241026 | ||
| 005 | 20240818092940.0 | ||
| 008 | 830606s1984 enka b 001 0 eng | ||
| 010 | _a 83007623 | ||
| 020 | _a0198519613 | ||
| 020 | _a9780198519614 | ||
| 040 |
_aDLC _cDLC _dDLC |
||
| 050 | 0 | 0 |
_aQC793.3.F5 _bC48 1984 |
| 082 | 0 | 0 |
_a539.72101 _222 _bCHE |
| 100 | 1 |
_aCheng, Ta-Pei. _923886 |
|
| 245 | 1 | 0 |
_aGauge Theory of Elementary Particle Physics / _cTa-Pei Cheng and Ling-Fong Li. |
| 260 |
_aOxford [Oxfordshire] : _bClarendon Press ; _aNew York : _bOxford University Press, 1984 _c1984. |
||
| 300 |
_axi, 536 p. : _bill. ; _c25 cm. |
||
| 490 |
_91869 _aOxford science publications |
||
| 500 | _aIncludes index. | ||
| 504 | _aBibliography: p. [517]-526. | ||
| 650 | 0 |
_aGauge fields (Physics) _923887 |
|
| 650 | 0 |
_aParticles (Nuclear physics) _923888 |
|
| 653 |
_bGen _cMay2011 |
||
| 700 | 1 |
_aLi, Ling-Fong. _923889 |
|
| 856 | 4 | 2 |
_3Publisher description _uhttp://www.loc.gov/catdir/enhancements/fy0603/83007623-d.html |
| 856 | 4 | 1 |
_3Table of contents only _uhttp://www.loc.gov/catdir/enhancements/fy0603/83007623-t.html |
| 942 |
_2ddc _cBB _hRDA-MOD |
||
| 999 |
_c15309 _d15309 |
||
| 336 |
_2rdacontent _atext _btxt |
||
| 337 |
_aunmediated _2rdamedia _bn |
||
| 338 |
_avolume _bnc _2rdacarrier |
||